| 000 | 00658nam a2200241Ia 4500 | ||
|---|---|---|---|
| 008 | 141004s9999 xx 000 0 und d | ||
| 040 | _ca | ||
| 041 | _aEnglish | ||
| 082 | _a333.75 | ||
| 082 | _bMOH/NA | ||
| 100 | _aB Mohan Kumar | ||
| 100 | _aBabu C Luckins | ||
| 100 | _aPO Nameer | ||
| 245 | _aNatural resource management : changing scenarios and shifting paradigms | ||
| 245 | _cB Mohan Kumar | ||
| 260 | _aMannuthy | ||
| 260 | _bKerala Agricultural University | ||
| 260 | _c2003 | ||
| 300 | _a103p | ||
| 300 | _b24cm | ||
| 650 | _aNatural resource management | ||
| 942 | _cBK | ||
| 999 |
_c306684 _d306684 |
||